000 00206 a2200097 4500
001 2687
100 _aAlartmann, C
245 _aThe angry admiral
260 _a
_bWillian Heinemann
_c
090 _c1983
_d1983
942 _aNUST-CAE
_cM
_c10924
999 _c237760
_d237760